[Event "Match/3 NationU26 POL-CSR-DDR"]
[Site "Zakopane"]
[Date "1980.10.02"]
[Round "4.1"]
[White "Ftacnik, Lubomir"]
[Black "Gruenberg, Hans Ulrich"]
[Result "1-0"]
[WhiteElo "2470"]
[BlackElo "2385"]
[Annotator "Rittner,H"]
[PlyCount "47"]
[EventDate "1980.09.28"]
[EventType "team-tourn"]
[EventRounds "4"]
[EventCountry "POL"]
[SourceTitle "EXT 2008"]
[Source "ChessBase"]
[SourceDate "2007.11.25"]
[SourceVersion "1"]
[SourceVersionDate "2007.11.25"]
[SourceQuality "1"]

1. c4 c5 2. Nf3 Nf6 3. Nc3 Nc6 4. d4 cxd4 5. Nxd4 e6 6. g3 Bb4 7. Bg2 O-O 8.
O-O a6 $2 {Das bedeutet praktisch einen Tempoverlust.} ({Besser geschah} 8...
Qe7 9. Nc2 Bxc3 10. bxc3 Rd8 11. Nd4 Ne5 {Tukmakov,V-Hort,V/Decin 1977}) 9. Bf4
Qb6 10. Nb3 $1 Bxc3 $6 {Auch andere Züge können nicht ganz befriedigen, so
dass die ungünstig verlaufene Eröffnung für Schwarz bereits unheilvolle
Konsequenzen nach sich zieht.} 11. c5 $1 ({Hier hofft der Nachziehende auf} 11.
bxc3 d5 {,doch durchkreuzt der nächste weiße Zwischenzug diesen Plan.}) 11...
Qa7 12. bxc3 b6 $6 {Schwarz ist schon ziemlich lahmgelegt.} 13. Bd6 Rd8 14.
cxb6 Qxb6 15. Rb1 Qa7 16. a4 Kh8 $6 {Verlegenheit, der Zug verliert schnell,
freilich gab es in keinem Fall noch ausreichende Verteidigungen.} 17. Bc5 Qc7
18. Nd4 $1 {/\ 19. Bb6} Rb8 $6 19. Bd6 $1 {Dieser elegante und starke Zug
klärt die Lage zugunsten von Weiß.} Rxb1 $6 ({Er ist begründet in der Variante
} 19... Qxd6 20. Nxc6 Qxd1 ({bzw. hier} 20... dxc6 21. Qxd6 $1 {Bei der
schwarzen Antwort kommt es zu einem hoffnungslosen Endspiel.}) 21. Rbxd1 $1)
20. Bxc7 Rxd1 21. Rxd1 Rg8 22. Nxc6 dxc6 23. Bxc6 Nd5 24. Ba5 {Gegen den
c-Bauern ist kein Kraut gewachsen.} 1-0

[Event "Baku FIDE GP"]
[Site "Baku"]
[Date "2014.10.07"]
[Round "5"]
[White "Karjakin, Sergey"]
[Black "Kasimdzhanov, Rustam"]
[Result "1/2-1/2"]
[WhiteElo "2767"]
[BlackElo "2706"]
[Annotator "Roiz,M"]
[PlyCount "60"]
[EventDate "2014.10.02"]
[EventType "tourn"]
[EventRounds "11"]
[EventCountry "AZE"]
[EventCategory "21"]
[SourceTitle "CBM 163"]
[Source "ChessBase"]
[SourceDate "2014.11.11"]
[SourceVersion "1"]
[SourceVersionDate "2014.11.11"]
[SourceQuality "1"]

1. c4 Nf6 2. Nc3 c5 3. Nf3 Nc6 4. d4 cxd4 5. Nxd4 e6 6. a3 {Quite a
fashionable alternative to the main lines with 6.g3. Now Black has a wide
choice of moves.} d5 {Rustam's response is principled and solid - Black gets a
good version of ''Tarrasch stuff''. However, most players still don't like
playing with an isolated pawn.} (6... Bc5) ({and} 6... Be7 {are the most
common moves in this position.}) 7. cxd5 exd5 8. Bg5 (8. g3 $5 {is an option
worth considering here here, but the text move looks most natural.}) 8... Bc5
9. e3 (9. Nxc6 bxc6 10. e3 {was tried as well, but it seems rather harmless:}
O-O 11. Be2 Qe7 12. O-O Bd6 $132) 9... Bxd4 (9... O-O 10. Be2 Bxd4 (10... Nxd4
11. exd4 Be7 12. O-O h6 13. Bf4 {gives White a small risk-free advantage.}) 11.
exd4 h6 12. Be3 {might transpose to the text.}) 10. exd4 h6 11. Be3 {This move
looks like a concession, since the pin was quite unpleasant for Black. However,
after 12.Bh4 White's bishop could be vulnerable.} ({Nothing is achieved by} 11.
Bxf6 Qxf6 12. Nxd5 Qd6 13. Nc3 (13. Bc4 O-O 14. O-O Be6 15. Ne3 Bxc4 16. Nxc4
Qxd4 $11) 13... Nxd4 14. Ne2 Nf5 $11) (11. Bh4 O-O 12. Be2 {requires some
accuracy, but it looks like the following way to equality is quite convincing:}
Qd6 $1 (12... Re8 13. O-O Bf5 14. Rc1 $14) 13. Bg3 (13. O-O Qf4 14. Bxf6 Qxf6
15. Nxd5 Qd6 $11) 13... Qe7 14. O-O Ne4 15. Bf3 (15. Nxe4 Qxe4 16. Bf3 Qxd4 17.
Qb3 Qc4 18. Bxd5 Qxb3 19. Bxb3 Nd4 $11) 15... Nxc3 16. bxc3 Be6 17. Re1 Qd7 $11
) 11... O-O 12. Be2 Ne4 $146 {This innovation is hardly an improvement, since
in the preceding game Black hadn't experienced any problems.} (12... Re8 13.
O-O Bf5 14. Rc1 Rc8 15. b4 (15. Qb3 Na5 16. Qa2 Ne4 17. Nxe4 Bxe4 $11) (15. Re1
Na5 16. h3 Nc4 $11) 15... a5 16. b5 Ne7 17. Na4 Qd6 18. Qb3 Ng4 19. Bxg4 Bxg4
$11 {1/2-1/2 Fridman,D (2621)-Khenkin,I (2600)/Germany 2007/CBM 123 (21)}) 13.
Rc1 (13. Nxe4 dxe4 14. d5 Ne7 15. Bc4 Qd6 16. O-O Rd8 17. Qh5 (17. Qd4 Nxd5 18.
Rad1 Be6 19. Qxe4 Qc6 20. Bc1 Ne3 $1 21. Qxc6 bxc6 22. Bxe3 Bxc4 $11) 17...
Nxd5 18. Rad1 Be6 19. Rd4 Nf6 20. Rxd6 Nxh5 21. Rxd8+ Rxd8 22. Bxe6 fxe6 23.
Bxa7 Rd2 $11) 13... Nd6 {A logical continuation of Black's previous play.} ({
However, it looks like a safer way would be} 13... Bf5 14. O-O Re8 15. Nxe4
Bxe4 {and Black should be able to neutralise the slight pressure from White's
bishops.}) 14. Nxd5 $6 {Sergey's move leads only to simplifications.} ({
At the same time, it was possible to develop some initiative by means of a
nice regrouping:} 14. O-O Nf5 15. Bd3 $1 Re8 (15... Nfxd4 16. Bb1 Nf5 17. Bc5
Re8 18. Nxd5 $14) 16. Bb1 Be6 (16... Nxe3 17. fxe3 Rxe3 18. Qc2 g6 19. Rxf7 Bf5
20. Rxf5 gxf5 21. Qxf5 $36) 17. Qd3 g6 18. Qd2 $14) 14... Nf5 15. Bf3 Be6 16.
Nf4 (16. Rc5 Rc8 (16... b6 $5 17. Nxb6 axb6 18. Rxc6 Nh4 $1 19. Rc3 Bd5 $44)
17. Nf4 Ncxd4 18. Nxe6 Nxf3+ 19. Qxf3 fxe6 20. O-O b6 21. Rxc8 Qxc8 $11) 16...
Ncxd4 {Obviously, Black has comfortably equalised.} 17. Bxd4 ({Correctly
deviating from} 17. Nxe6 $6 fxe6 18. O-O Nxe3 19. fxe3 Nxf3+ {and it looks
like White is going to suffer for a long time:} 20. Rxf3 Rxf3 21. Qxf3 Qd2 $15)
17... Nxd4 18. O-O Bb3 ({Nor was there anything wrong with} 18... Qf6 19. Nxe6
Nxf3+ 20. Qxf3 Qxf3 21. gxf3 fxe6 $11) 19. Qd3 Qf6 (19... Qd6 20. Bd5 Qxf4 21.
Bxb3 $11) 20. Bd1 Qxf4 21. Bxb3 Rad8 22. Ba2 Rd7 {The position is completely
drawish now, but the players had to play till move 30.} ({Of course, Rustam
avoids the following simple trap:} 22... Rfe8 23. Rce1 Ne2+ $2 24. Rxe2 Rxd3
25. Rxe8+ Kh7 26. Bb1 $18) 23. Rce1 Qf6 24. Re4 g6 25. Qc3 {Sergey Karjakin
finds the safest square for his queen.} Kg7 26. Rfe1 Rfd8 {Sometimes the
bishop may be a bit stronger than a knight in such positions, but this time
Black's pieces are too active.} 27. Kf1 Nf5 28. Qxf6+ Kxf6 29. g3 h5 30. h4 Rc7
1/2-1/2

[Event "Poikovsky Karpov 19th"]
[Site "Poikovsky"]
[Date "2018.05.27"]
[Round "1"]
[White "Gelfand, Boris"]
[Black "Nepomniachtchi, Ian"]
[Result "0-1"]
[WhiteElo "2695"]
[BlackElo "2751"]
[Annotator "Roiz,M"]
[PlyCount "80"]
[EventDate "2018.05.27"]
[EventType "tourn"]
[EventRounds "9"]
[EventCountry "RUS"]
[EventCategory "18"]
[SourceTitle "CBM 185"]
[Source "ChessBase"]
[SourceDate "2018.07.13"]
[SourceVersion "1"]
[SourceVersionDate "2018.07.13"]
[SourceQuality "1"]

1. Nf3 c5 2. c4 Nc6 3. d4 cxd4 4. Nxd4 Nf6 5. Nc3 e6 6. g3 Qb6 7. Nf3 {A
relatively rare continuation, which recently was employed by many strong
players.} Bb4 {This position resembles the Romanishin line in the Nimzo-Indian
- Black might heavily damage the opponent's pawn structure, but in this case
White would get control over the dark squares.} ({The alternatives are:} 7...
Bc5 8. e3 Bb4 9. Bd2 O-O 10. Bg2 Be7 11. O-O (11. b3 $5 Rd8 12. O-O d5 13. cxd5
Nxd5 14. Nxd5 Rxd5 15. Qe2 {might still pose Black some problems - the Bc8 is
poor.}) 11... Qxb2 12. e4 d6 13. Rb1 Qa3 $15 {Gelfand,B - Svidler,P Sochi RUS
2018, White didn't have enough play for the pawn.}) ({and} 7... d5 $5 8. cxd5
exd5 9. Bg2 d4 10. Na4 Bb4+ 11. Bd2 Qb5 12. b3 (12. O-O Bxd2 13. Nxd2 O-O 14.
Rc1 Bg4 $132) 12... O-O 13. O-O Be7 14. Bg5 Bg4 $132 {Svidler,P - Dubov,D
Sochi RUS 2018.}) 8. Bg2 Qc5 $1 $146 {Perhaps this innovation was deeply
analysed by Ian during his home preparation.} ({The previously played} 8... O-O
{doesn't seems to fully solve the problems:} 9. O-O Bxc3 10. bxc3 Na5 (10...
Qc5 11. Qa4 Re8 12. Nd4 Ne5 13. Qb5 $36 {Harikrishna,P - Vachier Lagrave,M
Palma de Mallorca ESP 2017}) 11. Qa4 $6 ({The lack of a dark-squared bishop
would tell after} 11. Be3 $142 $1 Qc7 12. Bf4 Qxc4 13. Bd6 $36) 11... d6 12.
Be3 Qc7 13. Nd4 a6 $15 {Gelfand,B - Mamedyarov,S Moscow RUS 2018}) 9. Qd3 Ng4 {
Again, the most challenging.} ({In the event of} 9... d5 10. cxd5 Nxd5 11. O-O
Nxc3 12. bxc3 Qxc3 13. Qb1 O-O 14. Bb2 {White's initiative would fully
compensate for the pawn, to say the least.}) 10. O-O Nge5 11. Nxe5 Nxe5 12. Qc2
Qxc4 {This time Black was able to grab the pawn without exchanging the
dark-squared bishop. Still, the lead in development offers White enough play
for the pawn.} 13. Bf4 Ng6 14. Bd2 ({Another natural retreat could have
invited major simplifications:} 14. Be3 d5 15. Rac1 Bd7 16. Qd1 Qa6 17. Qd4
Bxc3 18. bxc3 O-O 19. c4 Bc6 20. cxd5 Bxd5 $11) 14... d5 15. Rac1 $6 {This
natural move turns out to be a serious mistake - Black manages to consolidate
and keep his extra pawn.} ({The correct} 15. b3 Qc6 ({Of course, not} 15... Qa6
$2 16. Nxd5 $18) 16. Qb2 Be7 17. e4 d4 18. e5 $44 {would offer White
sufficient compensation for the pawn due to his powerful light-squared bishop.}
) 15... Be7 16. Rfd1 ({In comparison to the aforementioned note, now} 16. b3 {
runs into} Qa6 17. e4 d4 18. Na4 e5 19. Nc5 Qc6 $17 {and Black is just a pawn
up.}) 16... O-O 17. Qb1 $6 {The poor location of White's queen makes it eaiser
for Ian to fully consolidate.} ({A better try was} 17. Be3 Qa6 18. Bd4 Rd8 (
18... Bd7 19. h4 h5 20. f4 $1 $44) 19. f4 Bd7 20. f5 exf5 21. Nxd5 $15 {
maintaining decent drawing chances due to the activity of his pieces.}) 17...
Qa6 18. e4 {Alas, this standard break is coming too late.} ({However, also
after} 18. Be3 Bd7 19. f4 f5 20. Bd4 Bf6 $17 {White wouldn't have much for the
pawn.}) 18... d4 19. Bf1 Qb6 20. Na4 Qd8 21. f4 b6 22. Qd3 {The lack of
harmony in White's camp makes it easier for Ian to convert the extra pawn into
a full point.} ({Possibly, the most stubborn was} 22. b4 $5 Bb7 23. Nb2 Rc8 24.
Bg2 Qd7 25. Nd3 $17 {, and White manages to set up a blockade.}) 22... Bb7 23.
Be1 Rc8 24. h4 {A desperate attempt to complicate matters.} Re8 25. h5 Nf8 26.
Bf2 e5 $1 27. fxe5 {Regaining the pawn is a symbolic achievement - White's
position is ruined now.} Rxc1 28. Rxc1 Ne6 29. Bh3 Qa8 30. Re1 (30. Bxe6 fxe6
31. Qxd4 Bxe4 32. Qd7 Bf8 $19 {was hopeless as the king is too exposed.}) 30...
Rd8 31. b3 Qb8 32. Bxe6 fxe6 33. Bxd4 Bc5 $19 {The piece is gone.} 34. Nxc5
bxc5 35. Qc4 cxd4 36. Qxe6+ Kh8 37. h6 Qc7 38. Rf1 Bxe4 39. Qg4 Bg6 40. Qxd4
gxh6 0-1

[Event "RUS-ch 68th"]
[Site "Chita"]
[Date "2015.08.19"]
[Round "10"]
[White "Artemiev, Vladislav"]
[Black "Khismatullin, Denis Rimovich"]
[Result "0-1"]
[WhiteElo "2671"]
[BlackElo "2642"]
[Annotator "Sagar Shah"]
[PlyCount "128"]
[EventDate "2015.08.09"]
[EventType "tourn"]
[EventRounds "11"]
[EventCountry "RUS"]
[EventCategory "18"]
[SourceTitle "CBM 168"]
[Source "ChessBase"]
[SourceDate "2015.09.14"]
[SourceVersion "1"]
[SourceVersionDate "2015.09.14"]
[SourceQuality "1"]

1. c4 c5 2. Nf3 Nc6 3. Nc3 Nf6 4. d4 cxd4 5. Nxd4 e6 6. a3 Bc5 7. Nb3 Bb6 8.
Bf4 e5 9. Bg3 d6 10. e3 Be6 11. Bh4 h6 12. Bxf6 Qxf6 13. Be2 (13. Ne4 $5 Qe7
14. Nxd6+ $14) 13... O-O 14. O-O Rad8 15. Nd2 Qe7 16. Nd5 Bxd5 17. cxd5 Nb8 18.
b4 Nd7 19. Nc4 a6 20. Rc1 $14 {Diagram [#] White has a very pleasant edge
thanks to his very strong knight on c4 and also the space advantage due to the
d5-pawn.} Ba7 21. Rc2 f5 22. Qd3 g6 23. Rfc1 Nf6 24. Na5 (24. a4 $5 {with the
idea of a5 and Nb6 could have been much better than the game continuation.})
24... Rd7 25. Qb3 Qf7 26. b5 axb5 27. Bxb5 Re7 {Black has a very compact
structure on the kingside and if White is not careful he can launch a very
dangerous attack. This is what happens in the game.} 28. Rc8 $2 {How can we
explain this mistake? Well first of all, the rook on f8 was not doing much.
The rook on c2 goes out of his way to exchange himself for the c8 rook. After
the exchange the black king is absolutely under no pressure because he has a
nice home on g7. Besides a lone white rook cannot cause much damage. Due to
all these reasons Rc8 turns out to be a mistake.} Rxc8 29. Rxc8+ Kg7 $17 30.
Bf1 f4 $1 {When the attack is calling, Khismatullin doesn't miss his chance.
With this move the bishop on a7 comes to life.} 31. Nc4 (31. h3 {trying to
stop Ng4 is met with} fxe3 32. fxe3 Ne4 $1 $19) 31... Qxd5 32. a4 fxe3 33. fxe3
Qe6 (33... Ng4 {would have been very strong. There is no good way to defend
the e3 pawn. Why Khismatullin didn't play this is a good question.}) 34. Ra8
Bc5 35. h3 Rf7 36. Rb8 d5 37. Nb2 (37. Rxb7 dxc4 38. Bxc4 Qxc4 39. Qxc4 Bxe3+
40. Kh1 Rxb7 $19) 37... Nd7 38. Rxb7 Qf5 39. Bb5 Qf2+ 40. Kh2 Bxe3 41. Qd1 Bf4+
42. Kh1 Qg3 43. Qg1 {Black is almost on the brink of victory.} Nc5 ({A much
simpler route to victory was} 43... Be3 44. Qd1 Nf6 45. Rxf7+ Kxf7 46. a5 (46.
Qf3 Qe1+ 47. Qf1 Qxf1+ 48. Bxf1 Bb6 $19) 46... Bf4 47. Qg1 Ng4 $1 $19) 44.
Rxf7+ Kxf7 45. a5 e4 46. Nd1 Ke6 47. a6 Bb8 48. Ne3 {White has erected some
sort of a blockade and it was important for Black to be patient with some move
like Qd6. Instead he starts pushing his pawns which gives White a lot of
counterplay.} d4 49. Nc2 $1 d3 50. Nd4+ $1 Kf6 51. Nc6 $1 {Artemiev must be
given praise for finding the only moves to keep the balance.} e3 {Diagram [#]
With two pawns in your face like the ones on e3 and d3 it is extremely
difficult to find the only way to draw the game.} 52. Nxb8 $2 (52. a7 $1 {
was the only way to draw the game and the reason is very beautiful. White
doesn't want to win a piece. He just wants to distract the bishop from the
b8-h2 diagonal!} Bxa7 53. Qf1+ $1 Kg5 $1 {only way to keep the balance.} (53...
Qf2 54. Qa1+ $1 Kg5 55. Qe5+ Qf5 56. Qxe3+ $18 {and it's White who emerges
victorius.}) 54. Bxd3 $1 Nxd3 55. Qxd3 Qe1+ 56. Kh2 Qf2 57. Nxa7 e2 58. Qd5+
Kh4 59. Qe4+ Kg5 60. Qd5+ $11) (52. Qf1+ Bf4 $19) 52... Ne4 $1 53. Qa1+ Kg5 $1
{Denis sees that his king is extremely safe on g5.} 54. Bxd3 Nf2+ 55. Kg1 Nxh3+
56. Kh1 Nf2+ 57. Kg1 Nxd3 {Both pawns are racing towards the queening square
but unfortunately the a-pawn is just too far away from the scene of action.}
58. a7 e2 59. Qa5+ Kh4 60. a8=Q e1=Q+ 61. Qxe1 Qxe1+ 62. Kh2 Ne5 $1 63. g3+ (
63. Qa4+ Ng4+ $19) 63... Qxg3+ 64. Kh1 Ng4 {If this were a real war scene then
the queen on a8 and the knight on b8 would have felt really stupid for leaving
'His Majesty' all alone on the other side! A great win for Khismatullin who
has now three wins in a row.} 0-1

[Event "Prague Cez Trophy m"]
[Site "Prague"]
[Date "2016.06.07"]
[Round "3"]
[White "Rapport, Richard"]
[Black "Navara, David"]
[Result "1/2-1/2"]
[WhiteElo "2731"]
[BlackElo "2744"]
[Annotator "Schulz,Andre"]
[PlyCount "69"]
[EventDate "2016.06.05"]
[EventType "match"]
[EventRounds "4"]
[EventCountry "CZE"]
[SourceTitle "CBM 173"]
[Source "ChessBase"]
[SourceDate "2016.07.12"]
[SourceVersion "1"]
[SourceVersionDate "2016.07.12"]
[SourceQuality "1"]

1. Nf3 c5 2. c4 Nc6 3. d4 cxd4 4. Nxd4 e6 5. Nc3 Nf6 6. a3 (6. g3 Qb6 7. Ndb5
Ne5 8. Bf4 Nfg4 9. e3 a6 10. Qa4 Ra7 11. h3 axb5 12. Qxb5 Qc6 13. hxg4 Qxh1 14.
Bxe5 Qc6 15. Bd4 Ra8 16. a3 Be7 17. Qh5 Kf8 18. O-O-O b6 19. Kb1 Ba6 20. Nb5
Rd8 21. Bc3 Bxb5 22. cxb5 Qf3 23. Rd2 Bf6 24. Bb4+ Kg8 25. Bd6 Rc8 26. Qh3 Qe4+
27. Bd3 Qd5 28. Bb4 Qf3 29. Bf1 h5 30. Bg2 Qxg4 31. Qxg4 hxg4 32. Bd6 Rc4 33.
Ka2 Rh2 34. Bf1 Rc1 35. Bd3 Bg5 36. Bf4 Be7 37. e4 Bc5 38. e5 Re1 39. Rc2 g5
40. Bxg5 Rxe5 41. Bf6 Rd5 {1/2-1/2 (41) Topalov,V (2780)-Caruana,F (2794)
Moscow 2016}) 6... Bc5 7. Nb3 Bb6 ({Üblicher ist} 7... Be7 8. e4 O-O 9. Be2 b6
10. O-O Bb7) 8. Bf4 d5 9. c5 Bc7 10. Bxc7 Qxc7 11. Nb5 {[#] Das ist alles
bekannt. Schwarz bringt nun eine vermutlich vorbereitete Neuerung.} Qb8 (11...
Qe5 12. Nd6+ Ke7 13. Qc1 d4 14. e4 Nxe4 15. f4 Qd5 16. Bc4 Nxc5 17. Bxd5 Nd3+
18. Kd2 Nxc1 19. Raxc1 Kxd6 20. Bxc6 bxc6 21. Nxd4 {0-1 (92) Bocharov,D (2595)
-Inarkiev,E (2677) Moscow 2016} c5 22. Nb5+ Kc6 23. Nd4+ Kb6 $15) 12. Nd6+ Ke7
13. Nd2 b6 14. b4 a5 $11 15. b5 Na7 16. cxb6 Qxd6 17. bxa7 Rxa7 18. a4 $6 (18.
e3 $11) 18... d4 19. Qb3 Rc7 20. Nc4 Qc5 21. e3 Rd8 (21... dxe3 $5 22. Nxe3 Rd8
$15) 22. b6 (22. Nxa5 $2 dxe3 23. fxe3 Ng4 $17) 22... dxe3 (22... Rb7 $11) 23.
bxc7 exf2+ 24. Ke2 Rd4 25. Qa3 (25. Rc1 Ba6 26. c8=Q Qxc8 27. Kxf2 Qc5 28. Qa3
Ne4+ 29. Ke1 Rxc4 30. Qxc5+ Rxc5 31. Rxc5 Nxc5 32. Bxa6 Nxa6 $14) 25... Rxc4
26. Qxc5+ Rxc5 27. Kxf2 Rxc7 28. Bd3 Bd7 29. Rhc1 Rxc1 30. Rxc1 Bxa4 31. Rc5
Bb3 32. Rxa5 Bd5 33. Ra7+ Kf8 34. Be2 g6 35. Bf3 1/2-1/2

[Event "ROM-ch49 Final"]
[Site "Timisoara"]
[Date "1986.12.??"]
[Round "?"]
[White "Gheorghiu, Florin"]
[Black "Lupu, Mircea Sergiu"]
[Result "1-0"]
[WhiteElo "2465"]
[BlackElo "2330"]
[Annotator "Stefanov,P/Primel,D"]
[PlyCount "59"]
[EventDate "1985.12.??"]
[EventType "swiss"]
[EventRounds "11"]
[EventCountry "ROU"]
[SourceTitle "EXT 2020"]
[Source "ChessBase"]
[SourceDate "2019.10.17"]
[SourceVersion "1"]
[SourceVersionDate "2019.10.17"]
[SourceQuality "1"]

1. d4 e6 2. Nf3 c5 3. g3 Nf6 4. Bg2 Nc6 5. c4 cxd4 6. Nxd4 Nxd4 $6 {Accelère
le développement des Blancs} (6... Qb6 $142) 7. Qxd4 Be7 8. Nc3 O-O 9. O-O d6
10. Rd1 (10. e4 {[%csl Gd5]}) 10... a6 11. Bg5 $1 {[%csl Rd6]} Qc7 12. Rac1 $32
Rb8 $146 {[%cal Gb7b5]} (12... Rd8 13. Na4 Rb8 14. Qb6 (14. Nb6 Qc5 15. Qxc5
dxc5 16. Bf4 {Stefanov}) 14... Qxb6 15. Nxb6 {Stohl,I (2305)-Franzen,J (2375)
Tatran Cup 30th 1982 (11.2) 1-0}) 13. Bxf6 Bxf6 14. Qxd6 Qxd6 15. Rxd6 Be7 16.
Rd2 b5 17. Ne4 bxc4 18. Rxc4 $36 Bb7 19. Nc5 Bxg2 20. Kxg2 a5 21. Nb3 g6 22.
Rdc2 Bf6 23. Nxa5 Bxb2 24. Nc6 Rb6 25. a4 Bf6 26. a5 Ra6 27. Rb4 Rfa8 28. Rb6
Bg7 29. Rc5 Bf8 30. Rcb5 {Source: Revista romania de Shah février 1986} 1-0